01109nam a22001817a 450000500170000000800410001702000180005804000070007604100080008308200210009110000190011224500260013126000230015730000310018036500530021152006480026465000150091220220118112436.0220113b ||||| |||| 00| 0 eng d a9780143417231 cAL aeng 223a820.33bSINC aRavinder Singh aCan love happen twice aUSAbPenguinc2011 aviii,216p.bPBc19.5x13cm. a4477b₹155.22c₹d₹199.00e22%f18-12-2021 aIn today's generation, love and relationships have lost the profound effect that they used to have. In a generation where people want to experience non-committal relationships; where love has been reduced to physical intimacy and larger-than-life displays of feelings, Ravinder Singh pens down his story where he portrays the long lost charm and magic of commitment and love. But, after having experienced the terrible loss of a loved one, is it possible to love someone that deeply and immensely again? Can you bare your soul and let yourself vulnerable in front of someone again, knowing that you are risking yet another terrible heartbreak? aLiterature